|
|
แสดงรายละเอียดบรรณานุกรม |
|
|
Brief Record
: Get Marc (ISO 2709)
: E-mail record
: |
|
|
| LEADER 00000nama 2200000uu 4500 | |||
| 001 200181 | |||
| 003 ULIBM | |||
| 008 040531s|||| th m m a000 0 tha d | |||
| 020 978-007-128-106-5 | |||
| 041 eng | |||
| 050 QT 104 F794H 2006. | |||
| 100 Fox, Stuart Ira. | |||
| 245 Human Physiology/ Stuart Ira, Fox. | |||
| 250 8 th ed. | |||
| 260 New York. Dubuque,la 2006. | |||
| 300 808 p. | |||
| 650 1.Physiology. | |||
| 995 001 | |||
| คุณยังไม่ได้ล็อกอิน คุณสามารถมีกิจกรรมร่วมกับเว็บไซต์ได้ แต่ต้องล็อกอินก่อน :: |
|
| สถานะ | |||||||||
| 1. | หนังสือทั่วไป | QT 104 F794H 2006. | On Shelf ขอยืม | ||||||
| [แสดง 1/1 รายการ] | |||||||||
| รายการใกล้เคียง หัวเรื่อง [1.Physiology.] |
BibComment |
| คอมเมนท์ทรัพยากรรายการนี้ |
|
|